The new separation of powers : (Record no. 9347)

MARC details
000 -LEADER
fixed length control field 00675nam a22002172 4500
001 - CONTROL NUMBER
control field 0000020469
005 - DATE AND TIME OF LATEST TRANSACTION
control field 20151217152215.0
008 - FIXED-LENGTH DATA ELEMENTS--GENERAL INFORMATION
fixed length control field 110919s xx 000 0 eng d
020 ## - INTERNATIONAL STANDARD BOOK NUMBER
International Standard Book Number 0199568673 :
040 ## - CATALOGING SOURCE
Original cataloging agency KABU
Transcribing agency KABU
100 1# - MAIN ENTRY--PERSONAL NAME
Personal name Carolan, Eoin.
-- 0000180744
245 14 - TITLE STATEMENT
Title The new separation of powers :
Remainder of title a theory for the modern state /
Statement of responsibility, etc. Eoin Carolan.
250 ## - EDITION STATEMENT
Edition statement 1st ed.
260 ## - PUBLICATION, DISTRIBUTION, ETC. (IMPRINT)
Place of publication, distribution, etc. Oxford :
Name of publisher, distributor, etc. OUP,
Date of publication, distribution, etc. 2009.
300 ## - PHYSICAL DESCRIPTION
Extent xxvii, 286 p.
650 #0 - SUBJECT ADDED ENTRY--TOPICAL TERM
Topical term or geographic name as entry element Separation of powers
Geographic subdivision Ireland.
-- 0000180745
650 #0 - SUBJECT ADDED ENTRY--TOPICAL TERM
Topical term or geographic name as entry element Public administration
Geographic subdivision Ireland.
-- 0000180746
852 1# - LOCATION
-- p7700 KES
908 ## - PUT COMMAND PARAMETER (RLIN)
Put command parameter 110919
950 ## - LOCAL HOLDINGS (RLIN)
-- 1
Holdings
Withdrawn status Lost status Source of classification or shelving scheme Not for loan Home library Current library Date acquired Total Checkouts Full call number Barcode Date last seen Price effective from Koha item type
    Library of Congress Classification   Kabarak, Main Campus Kabarak, Main Campus 17/12/2015   KJC5049 .C37 2009 c.1 21312 17/12/2015 17/12/2015 General Collection
Designed with assistance from East African Informatics Ltd